Shakespeare and tourism

Guardat en:
Dades bibliogràfiques
Format: Llibre
Idioma:anglès
Publicat: Routledge 2023
Etiquetes: Afegir etiqueta
Sense etiquetes, Sigues el primer a etiquetar aquest registre!

MARC

LEADER 00000nam a22000007a 4500
008 240812b |||||||| |||| 00| 0 eng d
020 |a 9780367152048 
245 |a Shakespeare and tourism  |c  / edited by Robert Ormsby and Valerie Clayman Pye.  |g xvii,310p;ill 
260 |b Routledge  |c 2023  |h London  |i 702241  |i 702242  |l PR2915.Sh1  |m Shakespeare, William, 1564-1616--Homes and haunts.  |m Shakespeare, William, 1564-1616--Dramatic production  |m Literary landmarks.  |m Literary journeys  |m  Heritage tourism  |m Drama festivals 
500 |a it includes index 
942 |a lcc  |c BK  |e Johnson  |f 12/08/24 
952 |0 0  |1 0  |2 lcc  |4 0  |6 PR2915 S H1  |7 0  |9 5474  |a HOL  |b HOL  |c LP  |d 2024-08-12  |l 0  |o PR2915.Sh1  |p 2024-0715  |r 2024-08-12 00:00:00  |t 702241  |w 2024-08-12  |y BK 
952 |0 0  |1 0  |2 lcc  |4 0  |6 PR2915 S H1  |7 0  |9 5475  |a HOL  |b HOL  |c LP  |d 2024-08-12  |l 0  |o PR2915.Sh1  |p 2024-0716  |r 2024-08-12 00:00:00  |t 702242  |w 2024-08-12  |y BK 
999 |c 2709  |d 2709